Správa informačných technológií - význam, prístupy, spôsoby, mechanizmy, rámce, štandardy, normy a metodiky

Tempo rozvoja informačných technológií (IT) a implementácie digitálnych technológií Industry 4.0 si vyžaduje riadenie a kontrolu v podnikateľských subjektoch. IT Governance je súčasťou Corporate Governance a predstavuje systém pozostávajúci z: organizačnej štruktúry zainteresovaných strán (predstave...

Description complète

Enregistré dans:
Détails bibliographiques
Auteur principal: Bednarčíková, Diana, 1996-
Format: Chapitre de livre
Langue:slovaque
Sujets:
Tags: Ajouter un tag
Pas de tags, Soyez le premier à ajouter un tag!

MARC

LEADER 00000naa$a2200000$$$4500
001 0289624
005 20240502074434.8
041 0 |a slo 
044 |a SK 
245 1 0 |a Správa informačných technológií - význam, prístupy, spôsoby, mechanizmy, rámce, štandardy, normy a metodiky  |c Diana Bednarčíková 
520 |a Tempo rozvoja informačných technológií (IT) a implementácie digitálnych technológií Industry 4.0 si vyžaduje riadenie a kontrolu v podnikateľských subjektoch. IT Governance je súčasťou Corporate Governance a predstavuje systém pozostávajúci z: organizačnej štruktúry zainteresovaných strán (predstavenstva, manažmentu/manažérov a IT manažmentu) s právomocou riadiť, riadiť, monitorovať, kontrolovať a rozhodovať o informačných technológiách. strategická úroveň; a pravidlá, postupy, procesy a mechanizmy na prijímanie a monitorovanie strategických rozhodnutí o IT tak, aby sa zabezpečilo strategické zosúladenie IT a biznisu a naplnili sa strategické ciele biznisu a IT. Vedecký príspevok poskytuje systematický prehľad IT Governance, poukazuje na výhody IT manažmentu v podnikateľských subjektoch a príklady implementácie ITG rámcov vo vybraných podnikateľských subjektoch. 
610 2 0 |a technológie informačné 
610 2 0 |a metodika 
610 2 0 |a štandardy 
100 1 |a Bednarčíková, Diana, 1996-